| 000 | 00646nam a2200229 a 4500 | ||
|---|---|---|---|
| 005 | 20240228063742.0 | ||
| 008 | 140619s2006 mx r 000 0 spa d | ||
| 020 | _a842418761X | ||
| 035 | _aUPN01000198091 | ||
| 049 | _aI | ||
| 050 | 4 |
_aPN6101 _bC7.8 |
|
| 100 | 1 |
_aCruz-Contarini, Rafael, _d1960- _932493 |
|
| 245 | 1 | 3 |
_aUn día más / _cRafael Cruz-Contarini ; il. Maribel Suárez. |
| 260 |
_aLeón, Esp. : _bEverest, _c2006. |
||
| 300 |
_a22 p. : _bil. col. |
||
| 440 | 0 | _aPequeño mundo | |
| 650 | 7 |
_aPoesía infantil _2 _91259 |
|
| 650 | 4 |
_aRimas infantiles _910247 |
|
| 905 | _aInfantil | ||
| 999 |
_c170192 _d170192 |
||